| 000 | 01471nam a2200337 i 4500 | ||
|---|---|---|---|
| 001 | 193551 | ||
| 003 | ES-MaACL | ||
| 005 | 20260212152953.0 | ||
| 007 | ta | ||
| 008 | 240105s2023 sp ||||| |||| 000 0 spa d | ||
| 017 |
_aMU 458-2023 _bOficina Depósito Legal Murcia |
||
| 020 | _a978-84-126141-6-9 | ||
| 040 |
_aES-MaACL _bspa _cES-MaACL _erda |
||
| 100 |
_aSánchez Pérez, Raúl _9234851 _eaut _4aut |
||
| 245 | 1 | 0 |
_aNo somos héroes : _brecuerdos y vivencias de un cirujano cardíaco en tiempos de pandemia / _cRaúl Sánchez Pérez |
| 250 | _a1ª edición: junio de 2023 | ||
| 264 | 1 |
_a[Murcia] : _bGollarín, _c2023 |
|
| 300 |
_a284 páginas ; _c23 cm |
||
| 490 | 1 | _aColección Bigornia | |
| 500 | _aEjemplares dedicados y firmados por el autor y el editor | ||
| 650 | 7 |
_9234548 _aPandemia de la Covid-19, 2020- |
|
| 830 |
_aColección Bigornia _9234994 |
||
| 852 |
_aES-MaACL _bR.154977 _cDEPOJ _jN-9648 _hDonación: Paco Marín _xEncuadernación rústica con solapas _9201148 _gDedicatoria autógrafa del editor |
||
| 852 |
_aES-MaACL _cDEPO1 _jA-15934 _hDonación: Raúl Sánchez Pérez _xEncuadernación rústica con solapas _9206919 _gDedicatoria autógrafa del autor |
||
| 903 |
_aMarín, Francisco _ednr |
||
| 942 |
_n0 _cMONOGRAFIA |
||
| 999 |
_c193551 _d193551 |
||